En busca del sentido de la educación.

Guardat en:
Dades bibliogràfiques
Autor principal: Gimeno Sacristán, José (autor)
Format: Llibre
Publicat: Madrid, España: Ediciones Morata, 2013.
Matèries:
Etiquetes: Afegir etiqueta
Sense etiquetes, Sigues el primer a etiquetar aquest registre!

MARC

LEADER 00000nam a22000007a 4500
003 CL-VaPUC
005 20230705115624.0
008 200330t2013 ||||| |||| 00| 0 eng d
020 |a 978-84-7112-687-0 
040 |c Pontificia Universidad Católica de Valparaíso 
082 0 4 |a 370.1 GIM 2013  |2 21 
100 |a Gimeno Sacristán, José  |e autor  |9 814227 
245 1 |a En busca del sentido de la educación. 
260 3 |a Madrid, España:  |b Ediciones Morata,  |c 2013. 
300 |a 270 páginas. 
650 1 0 |a Filosofía de la educación   |9 258384 
650 1 0 |a Sociología de la educación   |9 260380 
650 1 0 |a Calidad de la educación   |9 307271 
942 |2 ddc  |c BK 
999 |c 423187  |d 423185 
952 |0 0  |1 0  |2 ddc  |4 0  |6 370_100000000000000_GIM_2013  |7 0  |8 A  |9 562201  |a BIBEDU  |b BIBEDU  |d 2020-03-30  |i 5618398  |l 1  |o 370.1 GIM 2013  |p 5618398  |r 2024-06-03  |s 2024-05-20  |t 1  |w 2020-03-30  |y BK  |k EPE 
952 |0 0  |1 0  |2 ddc  |4 0  |6 370_100000000000000_GIM_2013  |7 0  |8 A  |9 584485  |a BIBTEO  |b BIBTEO  |c GEN  |d 2022-07-07  |e 62  |g 20825.00  |i 5652687  |o 370.1 GIM 2013  |p 5652687  |r 2025-01-17  |t 2  |v 20825.00  |w 2022-07-07  |y BK  |k ICR